000 00256nam a2200109Ia 4500
008 230312s9999||||xx |||||||||||||| ||und||
082 _a758.940
_bFER-F
100 _aFernandez:angel
245 0 _aFashion print design
650 _aArchitecture
942 _cBK
999 _c14474
_d14474